书目信息 |
| 题名: |
国际贸易与支付
|
|
| 作者: | 凯夫斯 , 弗兰克尔 著 ;郭迅华 注 | |
| 分册: | ||
| 出版信息: | 北京 中国人民大学出版社 2004 |
|
| 页数: | 672 | |
| 开本: | 23cm | |
| 丛书名: | 双语教学丛书 | |
| 单 册: | ||
| 中图分类: | F830.73 | |
| 科图分类: | ||
| 主题词: | 银行 , 金融 | |
| 电子资源: | ||
| ISBN: | 7-300-05670-9 | |
| 000 | 00730nam0 2200241 450 | |
| 001 | 0753815641 | |
| 005 | 20070930145655.64 | |
| 010 | @a7-300-05670-9@d¥59.00 | |
| 100 | @a20070930d km y0chiy0120 ea | |
| 101 | 0 | @achi |
| 200 | 1 | @a国际贸易与支付@Aguo ji mao yi yu zhi fu@f凯夫斯,弗兰克尔等著@Fkai fu si,fu lan ke er deng zhu@g郭迅华注@Gguo xun hua zhu |
| 210 | @a北京@c中国人民大学出版社@d2004 | |
| 215 | @a672@d23cm | |
| 225 | 2 | @a双语教学丛书 |
| 410 | 0 | @12001 @a双语教学丛书 |
| 606 | 0 | @a银行 |
| 606 | 0 | @a金融 |
| 690 | @aF830.73@v3 | |
| 701 | 0 | @a凯夫斯@Akai fu si@4著 |
| 701 | 0 | @a弗兰克尔@Afu lan ke er@4著 |
| 702 | 0 | @a郭迅华@Aguo xun hua@4注 |
| 801 | 0 | @aCN@bPFT@c20070930 |
| 905 | @a213230@dF830.73@eg90@f1 | |
| 国际贸易与支付/凯夫斯,弗兰克尔等著/郭迅华注.-北京:中国人民大学出版社,2004 |
| 672;23cm.-(双语教学丛书) |
| ISBN 7-300-05670-9:¥59.00 |
| ● |
| 相关链接 |
|
|
|
|
正题名:国际贸易与支付
索取号:F830.73/g90
 
预约/预借
| 序号 | 登录号 | 条形码 | 馆藏地/架位号 | 状态 | 备注 |
| 1 | 6504028 | 265040289 | 密集书库-海洋学院/ [索取号:F830.73/g90] | 在馆 |